000
00296nam a2200121 a 4500
008
010626s1958||||xx 0 und c
040
_a
SNK
_b
slo
_c
SNK
_e
AACR2
245
1
0
_a
Slovensko - Maďarský slovník
260
_a
Bratislava
_b
SPN
_c
1958
020
_c
16,80
041
_a
slo
044
_a
xo
_c
SK
999
_c
19185
_d
19185